01032 2200337 4500001002100000005001500021035002000036245012900056100001900185250001700204300003300221006001800254007000300272008004100275700003800316700001700354260004300371082001100414084001700425020002200442650001200464504002900476500003300505990002100538990002100559990002000580990002400600990002400624990002400648990002200672INLIS00000000000236820260602021239 a0010-02200002191 aUntung Berlipat Dari Budi Daya Kemangi & Selasih :bTanaman Multi Manfaat /cRahmat Rukmana, Herdi Yudirachman; Editor, Maya0 aRahmat Rukmana a.-Ed.1.cet.1 ax,166 hlm. :bilus. ;c23 Cma ta260602 0 0 aPengarang Ke-2, Herdi Yudirachman0 aEditor, Maya a.--Yogyakarta :bLily Publisher,c2016 a583.96 a583.96 RAH u a978-979-29-5918-5 4aTanaman aBibliografi, hlm 153-156 aTentang Penulis, hlm 157-159 a28331/P/DPK/2018 a28334/P/DPK/2018 a2833/P/DPK/2018 a32.802/DAK/DPK/2019 a32.803/DAK/DPK/2019 a32.804/DAK/DPK/2019 a28.332/P/DPK/2018